| 000 | 00612nam a22001937a 4500 | ||
|---|---|---|---|
| 999 |
_c5680 _d5680 |
||
| 003 | AR-CdUCM | ||
| 008 | 190313b ||||| |||| 00| 0 spa d | ||
| 040 |
_aMUNICIPALIDAD PROVINCIAL DEL CUSCO _cBIBLIOTECA MUNICIPAL DEL CUSCO |
||
| 082 |
_22ed. _a869.56 / _bF66 |
||
| 100 |
_aFlorián, Mario _914609 |
||
| 245 |
_aTono de fauna : _bcanción / |
||
| 260 |
_aLima : _bBartolome Herrera, _c1961. |
||
| 300 |
_a47 páginas ; _c17.5 cm. |
||
| 500 | _aDonación familia Nieto. e.3 con dedicatoria a luis nieto | ||
| 650 |
_aPoesías peruanas _91481 |
||
| 650 |
_aSiglo XX _98 |
||
| 942 |
_2ddc _cLIBROS |
||
| 945 | _aafb | ||